| 000 | 00760nai a2200205Ia 4500 | ||
|---|---|---|---|
| 003 | IN-BaIIA | ||
| 008 | 211028c9999 xx s 000 0 eng d | ||
| 022 | _a1089-7771 (Print) | ||
| 022 | _a1558-0032 (Online) | ||
| 040 | _cIIA Library | ||
| 245 | 0 |
_aIEEE Transactions on Information Technology in Biomedicine _h[eJournal] |
|
| 260 |
_aNew York, USA _bThe Institute of Electrical and Electronics Engineers, Inc. (IEEE) |
||
| 310 | _aBimonthly | ||
| 362 | _a1(1); 1997 - 16(6); 2012 | ||
| 521 | _bSubscribed through National Knowledge Resource Consortium (NKRC) | ||
| 650 |
_a Computing and Processing _948785 |
||
| 650 | _aBioengineering | ||
| 856 |
_uhttps://ieeexplore.ieee.org/servlet/opac?punumber=4233 _yClick Here to Access eJournal |
||
| 942 | _cEJ | ||
| 999 |
_c34688 _d34688 |
||